000 01278nam a22003857a 4500
003 CHAP
005 20230607094735.0
008 971013s1989 r 00010 d
010 _a273
011 _a1245
035 _a421
040 _cCHAP
090 _aTesis
100 0 0 _aHanenberg Milver, Esther.
_952519
245 _aFijación de CO2 en vaínas de frijol Phaseolus vulgaris
260 _aChapingo, Méx. :
_bEl autor,
_c1989
300 _a86 h.
502 _aTesis (M.C. Esp. en Botánica)-- CP. Centro de Botánica
590 _aALEPH
_b10
_c20130110
_lUCH01
_h1204
590 _aBATCH-UPD
_b10
_c20130110
_lUCH01
_h0123
590 _aBATCH-UPD
_b10
_c20130110
_lUCH01
_h1228
590 _aBATCH-UPD
_b10
_c20130410
_lUCH01
_h0800
590 _aBATCH-UPD
_b10
_c20130914
_lUCH01
_h0638
590 _aCONVERSION
_b10
_c20130109
_lUCH01
_h1302
650 1 7 _aDióxido de carbono
_xEfecto en plantas
_2
_912848
650 1 4 _aEnzimas.
_937195
650 1 4 _aFotosíntesis.
_942737
650 1 4 _aFrijol
_xProteínas en.
_943423
650 1 4 _aVainas.
_9117191
710 0 _aColegio de Postgraduados. Chapingo, Méx. Centro de Botánica.
_925070
901 _aBK
942 _cFOLL
949 _bBC
_cTES
_d-72858
_eTS2
_h22540
_i421
_si
949 _bBC
_cTES
_d-9866
_eTS1
_h22539
_i421
_si
999 _c273
_d273